Progrma de promoción de la producción porcina
Guardado en:
| Formato: | Libro |
|---|---|
| Publicado: |
Buenos Aires :
Ministerio de Asuntos Agrarios,
2011
|
| Materias: | |
| Etiquetas: |
Agregar Etiqueta
Sin Etiquetas, Sea el primero en etiquetar este registro!
|
| LEADER | 01379nam a22001815a 4500 | ||
|---|---|---|---|
| 001 | CEM.cems018121 | ||
| 005 | 20131031085620.0 | ||
| 008 | 130507s2011##################000#0#####d | ||
| 003 | CEMS | ||
| 082 | 0 | 4 | |a FC636.4 |
| 245 | 0 | 0 | |a Progrma de promoción de la producción porcina |
| 260 | |a Buenos Aires : |b Ministerio de Asuntos Agrarios, |c 2011 | ||
| 300 | |a 28 p. | ||
| 505 | 0 | |a Preguntas que debe hacerse el productor -- Situación del sector porcino -- Síntesis de la Provincia de Buenos Aires -- Datos fisiológicos del porcino -- Evolución y características de las explotaciones porcinas -- Instalaciones, modelos -- Medidas de superficie sugeridas -- Modelo paridera a campo -- Materiales para hacer paridera -- Esquema bebedero doble -- Modelo cajón cría -- Sanidad. Esquema de introducción a animales -- Plan sanitario mínimo -- Parásitos del cerdo esquema -- Plan sanitario ampliado vacunas y desparasitaciones -- Alimentación. Objetivos -- Cuadro orientativo por categoría, edad, Kg, necesidad de proteínas -- Cuadro aumento de peso y consumo de alimento -- Raciones para animales en crecimiento -- Volumen de la explotación -- Elección de animales -- Reproductor macho, elección -- Cuadro de peso alcanzado en días esperable | |
| 653 | |a Cerdos | ||
| 653 | |a Producción porcina | ||
| 653 | |a Porcino | ||
| 859 | |a CEMS |b BIB. CEMS - Agricultura |h FC636.4 |i B862 |p A0070.44 |t Ej.1 | ||
